Science Quiz

Random Science Quiz
Score 0/23 Timer 10:00
0 Plays Today
Hint Answer % Correct
57 Co271 d
66.7%
123 I12.2 h
66.7%
5 O122 s
66.7%
131 I8.0 d
66.7%
90 Y2.67 d
66.7%
51 Cr27.8 d
33.3%
67 Ga78 h
33.3%
111 In2.8 d
33.3%
125 I60.2 d
33.3%
99 Mo67 h
33.3%
99m Tc6.02 h
33.3%
133 Xe5.3 d
33.3%
Hint Answer % Correct
201 Tl73.1 h
33.3%
68 Ga68 min
33.3%
82 Rb75 s
33.3%
125 I60.2 d
33.3%
81m Kr13 s
0%
11 C20.4 min
0%
18 F110 min
0%
13 N10 min
0%
32 P14.26 d
0%
153 Sm1.93 d
0%
89 Sr50.53 d
0%
Come Together.
Have Fun.
All Virtual.
We all need to come together. Play Sporcle's virtual live trivia to have fun, connect with people, and get your trivia on. Join a live hosted trivia game for your favorite pub trivia experience done virtually. If a virtual private party is more your thing, go here for details.

You're not logged in!

Compare scores with friends on all Sporcle quizzes.
OR
Log In

Sporcle TV

Today on Sporcle TV


Watch our educational content, quiz creation guides, and fun videos on Sporcle TV.

Show Comments

Extras

Created Jan 20, 2016ReportNominate

Top Quizzes Today


Score Distribution

Paid Content

Your Account Isn't Verified!

In order to create a playlist on Sporcle, you need to verify the email address you used during registration. Go to your Sporcle Settings to finish the process.

Report this User

Report this user for behavior that violates our Community Guidelines.

Details: